00749cam a22002291a 4500001000500000005001700005020001500022020001800037040003700055050001300092082000800105100002800113245006400141260004600205300004000251490003600291505001000327520011100337521002200448521002100470700002800491131220260401111119.0 a0060206810 a9781405288101 aDLCcODaWUdOCoLCdCGldDLCbeng00aPZ8.B744 2Fic1 aBrown, Jeffd1926-2003.10aFlat Stanley cby Jeff Brown ; illustrated by Biddulph, Rob aNew York, N.Y. :bMethuen & Co.Ltdc1964. a59 pages :bIllustrations ;c21 cm. aThe original classic adventure  aN  aAfter a bulletin board falls on Stanley while he is sleeping, he finds that being flat has its advantages. a550 bLexile  aN bRaz-Plus 1 aBrown ,Jeffd1931-2019.